Statistics for What year - The making of America

Click here to take the quiz!

General Stats

  • This quiz has been taken 27 times
  • The average score is 8 of 23

Answer Stats

HintAnswer% Correct
United States becomes independent1776
100%
Abraham Lincoln elected as president1860
77%
End of the American Civil war/Lincoln's assassination1865
77%
Emancipation Proclamation1863
62%
Louisiana Purchase1803
54%
California Gold Rush1848
54%
Andrew Johnson impeached and replaced by Ulysses.S.Grant1869
54%
America declare war on Britain1812
46%
Cotton Gin invented1793
38%
Military pulled from Southern states ending Reconstruction era1877
38%
Missouri Compromise1820
23%
Kansas-Nebraska Act1854
23%
Transcontinental Railroad completed1869
23%
Beginning of The Great Sioux War1876
23%
Book of Mormon published1830
15%
Harriet Beecher Stowe writes "Uncle Tom's Cabin"1851
15%
Indian Removal Act1830
8%
Fort Laramie Treaty1851
8%
Pike's Peak gold rush1858
8%
Homestead Act1862
8%
Sand Creek Massacre1864
8%
Little Crow's War1862
0%
The Dawes Act1887
0%

Score Distribution

Percentile by Number Answered

Percent of People with Each Score

Your Score History

You have not taken this quiz